[Event "4NCL Division 4 South"]
[Site "Reading, ENG"]
[Date "2017.04.29"]
[Round "9.11"]
[White "Girdlestone, Paul C"]
[Black "Matta, Francesca"]
[Result "1-0"]
[WhiteElo "2100"]
[BlackElo "1963"]
[PlyCount "83"]
[EventDate "2017.04.29"]
[WhiteTeam "Brown Jack 2"]
[BlackTeam "Oxford 2"]

1. e4 c5 2. Nf3 e6 3. Nc3 Nc6 4. Bb5 Nd4 5. O-O Nxb5 6. Nxb5 a6 7. Nc3 d6 8. d4
cxd4 9. Qxd4 Qc7 10. Bf4 Nf6 11. Rad1 e5 12. Nxe5 dxe5 13. Bxe5 Qe7 14. Bxf6
Qxf6 15. e5 Qe7 16. Nd5 Qd7 17. Qb6 Bd6 18. exd6 O-O 19. Nc7 Rb8 20. Qa7 Qc6
21. Qxb8 Bg4 22. Nd5 Rxb8 23. Ne7+ Kf8 24. Nxc6 bxc6 25. Rd4 Be6 26. Ra4 Rb6
27. Rd1 Ke8 28. Ra5 Kd7 29. b3 Kd8 30. f3 Bc8 31. Kf2 Rb5 32. Rxb5 axb5 33. Ke3
Kd7 34. a4 bxa4 35. bxa4 c5 36. a5 Ba6 37. Rb1 Bc4 38. Rb6 Bd5 39. a6 h5 40. h4
g6 41. a7 Bc6 42. Rxc6 1-0

[Event "4NCL Division 4 South"]
[Site "Reading, ENG"]
[Date "2017.04.29"]
[Round "9.12"]
[White "Terry, Sean"]
[Black "Shaw, Meyrick"]
[Result "1/2-1/2"]
[WhiteElo "1917"]
[BlackElo "1944"]
[PlyCount "79"]
[EventDate "2017.04.29"]
[WhiteTeam "Oxford 2"]
[BlackTeam "Brown Jack 2"]

1. e4 c5 2. Nc3 Nc6 3. f4 d6 4. Nf3 g6 5. Bc4 e6 6. d3 Bg7 7. O-O Nge7 8. a3
O-O 9. Ba2 a6 10. Ne2 b5 11. c3 a5 12. Be3 b4 13. Rc1 Ba6 14. g4 bxa3 15. bxa3
Qb6 16. Rb1 Qc7 17. Qd2 Rfb8 18. f5 Rxb1 19. Rxb1 Rb8 20. Rxb8+ Qxb8 21. fxe6
fxe6 22. Bxe6+ Kh8 23. Ba2 Qf8 24. Kg2 Bxd3 25. Ng5 Ne5 26. Nf4 c4 27. Nxd3
cxd3 28. Bf4 N7c6 29. Bd5 h6 30. Ne6 Qf6 31. Nxg7 Kxg7 32. Bxc6 Nxc6 33. Bxh6+
Kh7 34. Bf4 Qe6 35. Qxd3 Qxg4+ 36. Qg3 Qe2+ 37. Kh3 Qxe4 38. Bxd6 Qf5+ 39. Kg2
Qd5+ 40. Kf2 1/2-1/2

[Event "4NCL Division 4 South"]
[Site "Reading, ENG"]
[Date "2017.04.29"]
[Round "9.13"]
[White "Tomboline, David"]
[Black "Neatherway, A Philip"]
[Result "1-0"]
[WhiteElo "1943"]
[BlackElo "1858"]
[PlyCount "43"]
[EventDate "2017.04.29"]
[WhiteTeam "Brown Jack 2"]
[BlackTeam "Oxford 2"]

1. d4 d5 2. Bf4 f5 3. e3 Nf6 4. Nf3 e6 5. c4 c6 6. Nc3 Be7 7. h3 Ne4 8. Bd3 Nd7
9. Qc2 Ndf6 10. O-O O-O 11. a3 a6 12. Ne5 Nh5 13. Bh2 Bh4 14. Nf3 Bf6 15. g4
Nxc3 16. bxc3 fxg4 17. Bxh7+ Kh8 18. hxg4 Bh4 19. Ne5 Qg5 20. f4 Qh6 21. Bg6
Nf6 22. Qg2 1-0

[Event "4NCL Division 4 South"]
[Site "Reading, ENG"]
[Date "2017.04.29"]
[Round "9.14"]
[White "Burrows, Nick"]
[Black "O'Byrne, Daniel"]
[Result "1-0"]
[WhiteElo "1889"]
[BlackElo "1742"]
[PlyCount "57"]
[EventDate "2017.04.29"]
[WhiteTeam "Oxford 2"]
[BlackTeam "Brown Jack 2"]

1. Nf3 d5 2. d4 Nf6 3. c4 e6 4. g3 b6 5. cxd5 exd5 6. Bg2 Bd6 7. O-O O-O 8. Nc3
c6 9. Bg5 h6 10. Bxf6 Qxf6 11. e4 dxe4 12. Nxe4 Qd8 13. Nxd6 Qxd6 14. Qd2 Be6
15. a3 Rd8 16. Rac1 Bd5 17. Rfd1 Nd7 18. Nh4 Nf6 19. Nf5 Qf8 20. Qf4 g5 21. Qe5
Ng4 22. Ne7+ Kh7 23. Qf5+ Kg7 24. Nxd5 Nxf2 25. Kxf2 cxd5 26. Bxd5 Rd6 27. Rc6
Rad8 28. Be4 Qh8 29. Qe5+ 1-0

[Event "4NCL Division 4 South"]
[Site "Reading, ENG"]
[Date "2017.04.29"]
[Round "9.15"]
[White "Headlong, Benjamin"]
[Black "Cole, Graham"]
[Result "1/2-1/2"]
[WhiteElo "1787"]
[BlackElo "1842"]
[PlyCount "27"]
[EventDate "2017.04.29"]
[WhiteTeam "Brown Jack 2"]
[BlackTeam "Oxford 2"]

1. e4 c5 2. Nf3 d6 3. c3 Nc6 4. h3 Nf6 5. Bd3 e5 6. Bc2 Be7 7. O-O h6 8. d4 O-O
9. d5 Nb8 10. c4 Bd7 11. Nc3 a6 12. Re1 Re8 13. a3 Qc7 14. Qe2 1/2-1/2

[Event "4NCL Division 4 South"]
[Site "Reading, ENG"]
[Date "2017.04.29"]
[Round "9.16"]
[White "Bush, Ian"]
[Black "Tombolis, Christopher"]
[Result "1-0"]
[WhiteElo "1855"]
[BlackElo "1817"]
[PlyCount "39"]
[EventDate "2017.04.29"]
[WhiteTeam "Oxford 2"]
[BlackTeam "Brown Jack 2"]

1. e4 c5 2. d4 cxd4 3. c3 dxc3 4. Nxc3 Nc6 5. Nf3 Qc7 6. Bc4 e6 7. O-O Nf6 8.
Nb5 Qb8 9. e5 Nxe5 10. Nxe5 Qxe5 11. Re1 Qb8 12. Qd4 b6 13. Bf4 d6 14. Bxd6
Bxd6 15. Nxd6+ Ke7 16. Nf5+ Ke8 17. Nxg7+ Kf8 18. Qxf6 Rg8 19. Bxe6 Qb7 20. Bd5
1-0

[Event "4NCL Division 4 South"]
[Site "Reading, ENG"]
[Date "2017.04.29"]
[Round "9.21"]
[White "Willmoth, Robert F"]
[Black "Lambourne, Dan M"]
[Result "1-0"]
[WhiteElo "2282"]
[BlackElo "1989"]
[PlyCount "87"]
[EventDate "2017.04.29"]
[WhiteTeam "Barnet Knights 1"]
[BlackTeam "MK Phoenix 2"]

1. Nf3 d5 2. b3 Nf6 3. Bb2 e6 4. g3 Nbd7 5. Bg2 Bd6 6. c4 c6 7. d4 b6 8. O-O
Bb7 9. Nc3 O-O 10. Nd2 Qe7 11. a3 c5 12. cxd5 cxd4 13. Nb5 Bxd5 14. Bxd5 exd5
15. Nxd6 Qxd6 16. Nf3 Nc5 17. Nxd4 Qe5 18. b4 Nce4 19. e3 Rac8 20. Qe2 Qe7 21.
Rac1 Qd7 22. b5 Nc5 23. Rfd1 Rc7 24. Nc6 Nfe4 25. f3 Ng5 26. e4 Re8 27. Be5
Rxc6 28. bxc6 Qxc6 29. Rxd5 f6 30. Rd6 Qa4 31. Bb2 Qb3 32. Rc3 Qa2 33. Rd2 Qe6
34. Re3 f5 35. Bd4 Nb3 36. exf5 Nxd4 37. fxe6 Nxe2+ 38. Rdxe2 h6 39. f4 Nh7 40.
Rd2 Nf6 41. Rd7 a5 42. Rb7 g6 43. Re5 Ng4 44. Re2 1-0

[Event "4NCL Division 4 South"]
[Site "Reading, ENG"]
[Date "2017.04.29"]
[Round "9.22"]
[White "Brown, Alan M"]
[Black "Villiers, Thomas"]
[Result "1-0"]
[WhiteElo "1970"]
[BlackElo "2245"]
[PlyCount "141"]
[EventDate "2017.04.29"]
[WhiteTeam "MK Phoenix 2"]
[BlackTeam "Barnet Knights 1"]

1. d4 d5 2. c4 e5 3. dxe5 d4 4. Nf3 Nc6 5. g3 Nge7 6. Bg2 Ng6 7. O-O Ngxe5 8.
Nbd2 Nxf3+ 9. Nxf3 Be7 10. b3 O-O 11. Bb2 Bf6 12. Qd2 Re8 13. Rfe1 Bg4 14. Rad1
d3 15. Bxf6 Qxf6 16. Qxd3 Rad8 17. Qb1 Rxd1 18. Qxd1 Qb2 19. Qd2 Qxd2 20. Nxd2
Rxe2 21. Rxe2 Bxe2 22. Bxc6 bxc6 23. f4 f5 24. Kf2 Bd1 25. Ke3 c5 26. Nb1 Bh5
27. Nc3 Be8 28. Nd5 c6 29. Ne7+ Kf7 30. Nxf5 Kf6 31. Nd6 Bg6 32. Nb7 Bb1 33. a3
Kf5 34. h3 h5 35. Nxc5 Ba2 36. Kf3 Bb1 37. g4+ hxg4+ 38. hxg4+ Kf6 39. Ke3 Bc2
40. Kd2 Bh7 41. b4 g5 42. Ke3 gxf4+ 43. Kxf4 Bg8 44. Ne4+ Ke7 45. c5 Ke6 46.
Nc3 Bf7 47. Ke4 Be8 48. Kd4 Bd7 49. Ne4 Bc8 50. g5 Ba6 51. g6 Be2 52. Ke3 Bf1
53. Ng3 Bb5 54. Nh5 Ba4 55. Kf4 Bc2 56. Kg5 Ke5 57. g7 Bb3 58. Nf6 Kd4 59. g8=Q
Bxg8 60. Nxg8 Kc4 61. Ne7 Kb5 62. Nxc6 Kxc6 63. Kf6 Kc7 64. b5 Kb7 65. Ke6 Kc8
66. Kd6 Kd8 67. c6 Kc8 68. c7 a6 69. b6 a5 70. Kc6 a4 71. b7# 1-0

[Event "4NCL Division 4 South"]
[Site "Reading, ENG"]
[Date "2017.04.29"]
[Round "9.23"]
[White "Brozel, Sacha"]
[Black "Williamson, Kevin J"]
[Result "1-0"]
[WhiteElo "2132"]
[BlackElo "1938"]
[PlyCount "49"]
[EventDate "2017.04.29"]
[WhiteTeam "Barnet Knights 1"]
[BlackTeam "MK Phoenix 2"]

1. c4 c5 2. g3 g6 3. Bg2 Bg7 4. Nc3 Nc6 5. Nf3 Nf6 6. d4 cxd4 7. Nxd4 O-O 8.
Nc2 d6 9. O-O Be6 10. Nd5 Rc8 11. Bg5 Bxd5 12. cxd5 Ne5 13. Rc1 h6 14. Be3 Qa5
15. a3 a6 16. Bd4 Ned7 17. Ne3 Qd8 18. Nc4 b5 19. Ne3 Rxc1 20. Qxc1 Qc8 21. Bh3
Ne4 22. Qxc8 Rxc8 23. Bxd7 Rc7 24. Bxg7 Kxg7 25. Bc6 1-0

[Event "4NCL Division 4 South"]
[Site "Reading, ENG"]
[Date "2017.04.29"]
[Round "9.24"]
[White "Valentine, Brian J"]
[Black "Eden, Tomer"]
[Result "0-1"]
[WhiteElo "1943"]
[BlackElo "2177"]
[PlyCount "65"]
[EventDate "2017.04.29"]
[WhiteTeam "MK Phoenix 2"]
[BlackTeam "Barnet Knights 1"]

1. e4 c6 2. d4 d5 3. Nd2 dxe4 4. Nxe4 Bf5 5. Ng3 Bg6 6. Nf3 Nd7 7. h4 h6 8. h5
Bh7 9. Bd3 Bxd3 10. Qxd3 e6 11. Bd2 Ngf6 12. O-O-O Be7 13. Kb1 a5 14. Ne4 a4
15. Nxf6+ Nxf6 16. Ne5 Qd5 17. c4 Qe4 18. Qxe4 Nxe4 19. Be1 O-O 20. f3 Nd6 21.
g4 Rfd8 22. Bc3 f5 23. Rhe1 Bh4 24. Re2 Bf6 25. c5 Nb5 26. Kc2 Rd5 27. Rdd2
Rad8 28. Ng6 fxg4 29. fxg4 Nxd4+ 30. Bxd4 Rxd4 31. Rxd4 Rxd4 32. Rxe6 Kf7 33.
b3 0-1

[Event "4NCL Division 4 South"]
[Site "Reading, ENG"]
[Date "2017.04.29"]
[Round "9.25"]
[White "Ethelontis, Alexandros N"]
[Black "Adebajo, Olufemi"]
[Result "1-0"]
[WhiteElo "2140"]
[BlackElo "1918"]
[PlyCount "101"]
[EventDate "2017.04.29"]
[WhiteTeam "Barnet Knights 1"]
[BlackTeam "MK Phoenix 2"]

1. c4 e6 2. g3 c6 3. Bg2 d5 4. b3 f5 5. Nf3 Nf6 6. O-O Bd6 7. Bb2 O-O 8. Nc3 b6
9. d3 Bb7 10. e4 dxe4 11. dxe4 Nxe4 12. Nxe4 fxe4 13. Ng5 Qxg5 14. Qxd6 Na6 15.
Qxe6+ Kh8 16. Qxe4 Rae8 17. Qc2 Rf7 18. Rae1 Ref8 19. Re5 Qh6 20. a3 Nc5 21. f4
Nd7 22. Rg5 Nf6 23. Re1 c5 24. Bxb7 Rxb7 25. Re6 Qh3 26. Qf5 Qxf5 27. Rxf5 Rbf7
28. Bxf6 gxf6 29. Kf2 Kg7 30. Rd5 Rc7 31. Red6 Rff7 32. Re6 Rce7 33. Rxe7 Rxe7
34. a4 Kg6 35. a5 Rc7 36. a6 Kf7 37. Kf3 Ke7 38. Ke4 Rc6 39. Rh5 h6 40. Kf5 Kf7
41. Rxh6 Kg7 42. Rg6+ Kf7 43. g4 b5 44. g5 bxc4 45. bxc4 Rxa6 46. gxf6 Ra2 47.
Rg7+ Kf8 48. h4 a5 49. Rc7 Rh2 50. Rxc5 Rxh4 51. Ke6 1-0

[Event "4NCL Division 4 South"]
[Site "Reading, ENG"]
[Date "2017.04.29"]
[Round "9.26"]
[White "Whiteside, Robert"]
[Black "Pollack, Oscar"]
[Result "0-1"]
[WhiteElo "1824"]
[BlackElo "2042"]
[PlyCount "118"]
[EventDate "2017.04.29"]
[WhiteTeam "MK Phoenix 2"]
[BlackTeam "Barnet Knights 1"]

1. e4 e6 2. d4 d5 3. Be3 dxe4 4. Nd2 Nf6 5. f3 exf3 6. Ngxf3 Be7 7. Bd3 O-O 8.
O-O Nbd7 9. Ne5 Nd5 10. Qh5 N7f6 11. Qf3 Nxe3 12. Qxe3 c5 13. c3 cxd4 14. cxd4
h6 15. Ne4 Nd5 16. Qf2 f5 17. Nc3 Bf6 18. Bc4 Bxe5 19. dxe5 Nxc3 20. bxc3 Qc7
21. Qe2 b5 22. Bxb5 Qxc3 23. Rac1 Qd4+ 24. Kh1 Bb7 25. Rc7 Bd5 26. Bc4 Rac8 27.
Bxd5 Rxc7 28. Bxe6+ Kh8 29. Bxf5 Rcf7 30. g4 Qd5+ 31. Kg1 Qd4+ 32. Kh1 Re7 33.
e6 Qf6 34. Re1 Rfe8 35. Qe3 Kg8 36. Rf1 Rf8 37. Re1 g6 38. Bc2 Kh7 39. Kg2 Qf4
40. Qe2 Rd8 41. Rd1 Rxd1 42. Qxd1 Kg7 43. Bb3 Qe4+ 44. Kg3 Qe3+ 45. Kg2 Qe4+
46. Kg3 h5 47. gxh5 gxh5 48. Qd6 Kf6 49. Qd8 Qg4+ 50. Kf2 Qh4+ 51. Ke3 Kg7 52.
Qd6 Qe1+ 53. Kf3 Qf1+ 54. Ke3 Qf6 55. Qg3+ Kh6 56. Qd6 Rg7 57. Qb8 Qc3+ 58. Ke4
Rg4+ 59. Kf5 Qf3+ 0-1

[Event "4NCL Division 4 South"]
[Site "Reading, ENG"]
[Date "2017.04.29"]
[Round "9.31"]
[White "Taylor, William J"]
[Black "Sully, David"]
[Result "1-0"]
[WhiteElo "2065"]
[BlackElo "2129"]
[PlyCount "63"]
[EventDate "2017.04.29"]
[WhiteTeam "West is Best 2"]
[BlackTeam "The Full Ponty"]

1. e4 d5 2. exd5 Nf6 3. d4 Bg4 4. Bb5+ Nbd7 5. Be2 Bxe2 6. Qxe2 Nxd5 7. c4 N5f6
8. Nf3 e6 9. O-O c6 10. Nc3 Nb6 11. Bg5 Be7 12. Rad1 O-O 13. Rfe1 h6 14. Bh4
Bb4 15. Ne5 Bxc3 16. bxc3 Nbd7 17. Nxd7 Qxd7 18. Bxf6 gxf6 19. Rd3 Kh7 20. Qd2
Rg8 21. Re4 Rg6 22. Rh4 Rag8 23. Rdh3 Rxg2+ 24. Kf1 Rg1+ 25. Ke2 R1g5 26. Rxh6+
Kg7 27. Qf4 Rg6 28. Rh7+ Kf8 29. Qb8+ Ke7 30. Qxa7 Rg5 31. Rh8 Rxh8 32. Rxh8
1-0

[Event "4NCL Division 4 South"]
[Site "Reading, ENG"]
[Date "2017.04.29"]
[Round "9.32"]
[White "Davis, Lee"]
[Black "Spencer, Douglas"]
[Result "1/2-1/2"]
[WhiteElo "2030"]
[BlackElo "2022"]
[PlyCount "32"]
[EventDate "2017.04.29"]
[WhiteTeam "The Full Ponty"]
[BlackTeam "West is Best 2"]

1. d4 c5 2. Nf3 Nf6 3. c4 g6 4. g3 Bg7 5. Bg2 O-O 6. O-O cxd4 7. Nxd4 Nc6 8.
Nc3 Nxd4 9. Qxd4 d6 10. Qd3 a6 11. Rd1 Qc7 12. Bf4 Bf5 13. e4 Be6 14. Nd5 Nxd5
15. cxd5 Bd7 16. Qd2 Rfc8 1/2-1/2

[Event "4NCL Division 4 South"]
[Site "Reading, ENG"]
[Date "2017.04.29"]
[Round "9.33"]
[White "Davies, Matthew"]
[Black "Davies, Peter"]
[Result "1/2-1/2"]
[WhiteElo "1958"]
[BlackElo "2021"]
[PlyCount "65"]
[EventDate "2017.04.29"]
[WhiteTeam "West is Best 2"]
[BlackTeam "The Full Ponty"]

1. d4 Nf6 2. c4 e6 3. Nc3 Bb4 4. e3 d5 5. Nge2 O-O 6. a3 Be7 7. cxd5 exd5 8. g3
c6 9. Bg2 Na6 10. O-O Nc7 11. Bd2 Bf5 12. f3 Re8 13. Be1 c5 14. Bf2 Bf8 15. Qd2
h5 16. dxc5 Bxc5 17. Rad1 Qd7 18. Nf4 Rad8 19. Rfe1 b5 20. Nce2 Ne6 21. b4 Bb6
22. Nxe6 Bxe6 23. Nd4 a6 24. Bf1 Rc8 25. Rc1 Bh3 26. Be2 Rxc1 27. Rxc1 Rc8 28.
Rc3 Rxc3 29. Qxc3 Kf8 30. Be1 Qc8 31. Qa1 Bd7 32. Kf2 Ne8 33. Bc3 1/2-1/2

[Event "4NCL Division 4 South"]
[Site "Reading, ENG"]
[Date "2017.04.29"]
[Round "9.34"]
[White "Perrett, David C"]
[Black "Gregory, Andrew M"]
[Result "1/2-1/2"]
[WhiteElo "1957"]
[BlackElo "1940"]
[PlyCount "81"]
[EventDate "2017.04.29"]
[WhiteTeam "The Full Ponty"]
[BlackTeam "West is Best 2"]

1. d4 Nf6 2. Bg5 e6 3. e4 Be7 4. Bxf6 Bxf6 5. Nc3 d6 6. Qd2 Nc6 7. Nf3 O-O 8.
O-O-O a6 9. Qe3 e5 10. dxe5 Nxe5 11. Nxe5 Bxe5 12. f4 Bxc3 13. Qxc3 Bg4 14. Re1
d5 15. Qg3 Bc8 16. Rd1 d4 17. Bc4 Rb8 18. Rhe1 b5 19. Bb3 c5 20. c3 c4 21. Rxd4
Qa5 22. Bc2 Qxa2 23. f5 Rb6 24. e5 b4 25. cxb4 Qa1+ 26. Kd2 Qxb2 27. Qc3 Rxb4
28. Qxb2 Rxb2 29. Kc3 Rxc2+ 30. Kxc2 Bxf5+ 31. Kc3 Bd3 32. Ra1 Rb8 33. Rd6 h6
34. Rdxa6 Rb3+ 35. Kd4 Be2 36. R1a2 Bf1 37. Rf2 Rd3+ 38. Ke4 Rd1 39. Rc6 Bd3+
40. Kd4 Bf5+ 41. Kxc4 1/2-1/2

[Event "4NCL Division 4 South"]
[Site "Reading, ENG"]
[Date "2017.04.29"]
[Round "9.35"]
[White "Melsom, Jonathan T"]
[Black "Thomas, Gary"]
[Result "1-0"]
[WhiteElo "1698"]
[BlackElo "1945"]
[PlyCount "65"]
[EventDate "2017.04.29"]
[WhiteTeam "West is Best 2"]
[BlackTeam "The Full Ponty"]

1. e4 e5 2. Nf3 Nc6 3. Bb5 a6 4. Ba4 Nf6 5. Qe2 b5 6. Bb3 d6 7. c3 Be7 8. O-O
Bb7 9. Rd1 O-O 10. d4 Qe8 11. Nbd2 Bd8 12. a4 Na5 13. Bc2 c5 14. d5 b4 15. c4
Bc8 16. b3 Nh5 17. Nf1 f5 18. exf5 Bxf5 19. Bxf5 Rxf5 20. Qe4 Qf7 21. Rd3 Nf4
22. Ng3 g6 23. Re3 Qg7 24. Qc2 Rf7 25. Bb2 Be7 26. Rae1 h6 27. Nxe5 dxe5 28.
Bxe5 Bf6 29. Bxf4 Bc3 30. Re8+ Rxe8 31. Rxe8+ Kh7 32. Be3 Bd4 33. Nh5 1-0

[Event "4NCL Division 4 South"]
[Site "Reading, ENG"]
[Date "2017.04.29"]
[Round "9.36"]
[White "James, Dai"]
[Black "Eckert, Jonathan"]
[Result "1-0"]
[WhiteElo "1915"]
[BlackElo "1594"]
[PlyCount "43"]
[EventDate "2017.04.29"]
[WhiteTeam "The Full Ponty"]
[BlackTeam "West is Best 2"]

1. f4 e5 2. fxe5 d6 3. exd6 Bxd6 4. Nf3 g5 5. g3 g4 6. Nh4 Nf6 7. d4 Nh5 8. Qd3
Nc6 9. Bg2 Nb4 10. Qe4+ Be7 11. O-O O-O 12. Na3 Bxh4 13. gxh4 Qxh4 14. Qe5 g3
15. hxg3 Nxg3 16. Rf3 Nf5 17. Rxf5 Bxf5 18. Qxf5 Qxd4+ 19. Kf1 Qd1+ 20. Kf2
Rae8 21. Qg4+ Kh8 22. Bh6 1-0

[Event "4NCL Division 4 South"]
[Site "Reading, ENG"]
[Date "2017.04.29"]
[Round "9.41"]
[White "Goodger, Martyn"]
[Black "Grigoryan, Meri"]
[Result "0-1"]
[WhiteElo "2014"]
[BlackElo "2057"]
[PlyCount "106"]
[EventDate "2017.04.29"]
[WhiteTeam "Poisoned Pawns 2"]
[BlackTeam "Wood Green MM 2"]

1. f4 e5 2. fxe5 Nc6 3. Nf3 d6 4. d4 dxe5 5. d5 Nd4 6. Nc3 Nxf3+ 7. exf3 Bc5 8.
Bb5+ Bd7 9. Qe2 Bd4 10. Bd2 Ne7 11. O-O-O a6 12. Bxd7+ Qxd7 13. f4 f6 14. fxe5
Bxe5 15. Qf3 O-O-O 16. Bf4 Ng6 17. Bxe5 Nxe5 18. Qf2 Kb8 19. h3 Rhe8 {(=)} 20.
Rd2 Nc4 21. Rd4 Nd6 22. g4 Re5 23. Re1 Rxe1+ 24. Qxe1 Re8 25. Qf2 Re5 26. Rd2
Qe8 27. Re2 Ne4 28. Rxe4 Rxe4 29. Nxe4 Qxe4 30. Qd2 Qh1+ 31. Qd1 Qxh3 32. d6
Qe3+ 33. Kb1 cxd6 34. Qxd6+ Ka7 35. b3 Qe1+ 36. Kb2 Qe5+ 37. Qxe5 fxe5 38. Kc3
Kb6 39. Kd3 Kc6 40. Ke4 Kd6 41. c4 a5 42. a3 b6 43. b4 a4 44. Kf5 g6+ 45. Ke4
h6 46. Kf3 Ke6 47. Ke4 h5 48. gxh5 gxh5 49. c5 bxc5 50. bxc5 h4 51. c6 Kd6 52.
c7 Kxc7 53. Kxe5 h3 0-1

[Event "4NCL Division 4 South"]
[Site "Reading, ENG"]
[Date "2017.04.29"]
[Round "9.42"]
[White "Guha, Chirag"]
[Black "Nendick, Philip HC"]
[Result "1/2-1/2"]
[WhiteElo "1922"]
[BlackElo "1997"]
[PlyCount "75"]
[EventDate "2017.04.29"]
[WhiteTeam "Wood Green MM 2"]
[BlackTeam "Poisoned Pawns 2"]

1. d4 Nf6 2. c4 e6 3. g3 d5 4. Nf3 Be7 5. Bg2 O-O 6. O-O Nbd7 7. Nc3 c6 8. Nd2
Re8 9. e4 dxe4 10. Ndxe4 Nxe4 11. Nxe4 Nf6 12. Re1 Qb6 13. Rb1 Rd8 14. c5 Qc7
15. Bf4 Qd7 16. Nd6 Bxd6 17. Bxd6 Ne8 18. Be5 f6 19. Bf4 Qxd4 20. Qc2 Qd3 21.
Qa4 Qf5 22. Rbd1 Rxd1 23. Qxd1 e5 24. Be4 Qd7 25. Bd2 Nc7 26. Qb3+ Qe6 27. Qd3
f5 28. Bxf5 Qxf5 29. Qd8+ Qf8 30. Qxc7 Bh3 31. Qxe5 Qf3 32. Qe4 Qxe4 33. Rxe4
Rd8 34. Bc3 Rd1+ 35. Re1 Rxe1+ 36. Bxe1 Kf7 37. f4 Ke6 38. Bc3 1/2-1/2

[Event "4NCL Division 4 South"]
[Site "Reading, ENG"]
[Date "2017.04.29"]
[Round "9.43"]
[White "McMahon, Paul"]
[Black "Woodhouse, Stephen V"]
[Result "1/2-1/2"]
[WhiteElo "1976"]
[BlackElo "1873"]
[PlyCount "89"]
[EventDate "2017.04.29"]
[WhiteTeam "Poisoned Pawns 2"]
[BlackTeam "Wood Green MM 2"]

1. Nc3 e6 2. e4 d5 3. exd5 exd5 4. d4 c6 5. Bd3 Bd6 6. Nf3 Ne7 7. Bg5 O-O 8.
Qd2 f6 9. Bh4 Qc7 10. Bg3 Bf5 11. O-O-O Bxd3 12. Qxd3 Nd7 13. Rde1 Rae8 14. Kb1
Ng6 15. Bxd6 Qxd6 16. g3 Kf7 17. h4 Rxe1+ 18. Rxe1 Re8 19. h5 Rxe1+ 20. Nxe1
Ngf8 21. Ng2 g6 22. a3 Qe7 23. Ka2 f5 24. Nf4 Nf6 25. f3 Ne6 26. hxg6+ hxg6 27.
Nce2 Nxf4 28. Nxf4 Ne8 29. c4 Nc7 30. Qb3 dxc4 31. Qxc4+ Kf6 32. d5 Nxd5 33.
Qxd5 cxd5 34. Nxd5+ Ke6 35. Nxe7 Kxe7 36. Kb3 Kd6 37. Kc4 Kc6 {(=)} 38. a4 g5
39. b4 b6 40. Kd4 Kd6 41. g4 fxg4 42. fxg4 a6 43. Ke4 Ke6 44. Kd4 Kd6 45. Ke4
1/2-1/2

[Event "4NCL Division 4 South"]
[Site "Reading, ENG"]
[Date "2017.04.29"]
[Round "9.44"]
[White "Metcalfe, Charlie P"]
[Black "Ribbands, Patrick C"]
[Result "1-0"]
[WhiteElo "1750"]
[BlackElo "1757"]
[PlyCount "133"]
[EventDate "2017.04.29"]
[WhiteTeam "Wood Green MM 2"]
[BlackTeam "Poisoned Pawns 2"]

1. d4 g6 2. Nf3 Bg7 3. c4 Nf6 4. Nc3 d5 5. Bf4 c6 6. e3 O-O 7. cxd5 Nxd5 8. Be5
Nf6 9. Bd3 Nbd7 10. O-O Nxe5 11. Nxe5 Qc7 12. b4 Ne8 13. f4 Nd6 14. Rc1 Nf5 15.
Qf3 Qb6 16. b5 Bxe5 17. fxe5 cxb5 18. Nd5 Qa5 19. Bxf5 Bxf5 20. Nxe7+ Kh8 21.
Nxf5 gxf5 22. Qxf5 Qb6 23. Qd7 Qe6 24. Qxb7 Qxa2 25. Qxb5 Qd2 26. Qb3 a5 27.
Rcd1 Qb4 28. Qxb4 axb4 29. Rb1 Rab8 30. Rb3 Rb7 31. Rfb1 Rfb8 32. Kf2 Kg7 33.
Kf3 Kf8 34. Kf4 Ke7 35. Kf5 Rb5 36. e4 R8b6 37. d5 Kd7 38. Rh3 h6 39. Rbb3 Ke7
40. d6+ Rxd6 41. Kf4 Rg6 42. g4 Ke6 43. Rhd3 Ke7 44. Rd5 Rb8 45. h4 Rc6 46. Rd4
Rcb6 47. Kf5 R8b7 48. g5 h5 49. Rdd3 Rc7 {(=)} 50. Rd6 Rc1 51. g6 fxg6+ 52.
Kxg6 Rxd6+ 53. exd6+ Kxd6 54. Rxb4 Ke5 55. Kxh5 Rg1 56. Kh6 Rg4 57. h5 Ke6 58.
Kh7 Ke5 59. h6 Rg1 60. Kh8 Kf6 61. Rb5 Ra1 62. e5+ Kg6 63. Rb6+ Kf7 64. Rf6+
Ke7 65. Kg7 Rg1+ 66. Rg6 Rf1 67. e6 1-0

[Event "4NCL Division 4 South"]
[Site "Reading, ENG"]
[Date "2017.04.29"]
[Round "9.45"]
[White "Judkins, Brian D"]
[Black "Davidson, Laura"]
[Result "1/2-1/2"]
[WhiteElo "1777"]
[BlackElo "1553"]
[PlyCount "56"]
[EventDate "2017.04.29"]
[WhiteTeam "Poisoned Pawns 2"]
[BlackTeam "Wood Green MM 2"]

1. e4 e5 2. Nf3 Nc6 3. d4 exd4 4. c3 d5 5. exd5 Qxd5 6. cxd4 Bg4 7. Be2 O-O-O
8. Nc3 Qd7 9. Be3 Nf6 10. h3 Bh5 11. Rc1 h6 12. Qa4 Qe7 13. a3 Kb8 14. g4 Bg6
15. b4 Qe6 16. b5 Ne7 17. d5 Nexd5 18. Qxa7+ Kc8 19. Qa8+ Kd7 20. Qxb7 Bxa3 21.
Nxd5 Nxd5 22. Qc6+ Qxc6 23. bxc6+ Ke7 24. Bc5+ Bxc5 25. Rxc5 Nb4 26. Rc3 Rhe8
27. O-O Kf8 28. Bb5 Rd5 1/2-1/2

[Event "4NCL Division 4 South"]
[Site "Reading, ENG"]
[Date "2017.04.29"]
[Round "9.46"]
[White "Johnson, Elizabeth"]
[Black "Ashworth, Steven M"]
[Result "1/2-1/2"]
[WhiteElo "1441"]
[BlackElo "1532"]
[PlyCount "56"]
[EventDate "2017.04.29"]
[WhiteTeam "Wood Green MM 2"]
[BlackTeam "Poisoned Pawns 2"]

1. e4 Nf6 2. e5 Nd5 3. d4 d6 4. exd6 cxd6 5. Nf3 g6 6. Bc4 Nb6 7. Bb3 Bg7 8.
O-O O-O 9. Be3 a5 10. a3 a4 11. Ba2 Nc6 12. h3 Bf5 13. Nc3 e5 14. dxe5 Nxe5 15.
Nxe5 Bxe5 16. g4 Be6 17. Bxe6 fxe6 18. Bd4 Bxd4 19. Qxd4 e5 20. Qd3 d5 21. Rad1
e4 22. Qb5 Rf3 23. Nxe4 Qh4 24. Ng3 Rxg3+ 25. fxg3 Qxg3+ 26. Kh1 Qxh3+ 27. Kg1
Qg3+ 28. Kh1 Qh3+ {Times remaining: 0:32 v 0:40.} 1/2-1/2

[Event "4NCL Division 4 South"]
[Site "Reading, ENG"]
[Date "2017.04.29"]
[Round "9.51"]
[White "Nwachukwu, Chino"]
[Black "Foley, John P"]
[Result "0-1"]
[WhiteElo "2027"]
[BlackElo "1952"]
[PlyCount "46"]
[EventDate "2017.04.29"]
[WhiteTeam "Throw in the Tal 1"]
[BlackTeam "CSC Rhinos (2)"]

1. e4 c6 2. d4 d5 3. Nd2 dxe4 4. Nxe4 Nf6 5. Nxf6+ exf6 6. Nf3 Bd6 7. Bc4 O-O
8. O-O Re8 9. h3 Nd7 10. c3 Nb6 11. Bb3 Be6 12. Bc2 Qd7 13. Qd3 g6 14. b3 Nd5
15. Nh4 Bf4 16. Bd2 Bg5 17. Bxg5 fxg5 18. Nf3 f6 19. Ne1 Nf4 20. Qf3 Bd5 21.
Qg4 Ne2+ 22. Kh2 Qd6+ 23. Kh1 h5 0-1

[Event "4NCL Division 4 South"]
[Site "Reading, ENG"]
[Date "2017.04.29"]
[Round "9.52"]
[White "Fowler, David"]
[Black "Pink, Joshua"]
[Result "1-0"]
[WhiteElo "1897"]
[BlackElo "2005"]
[PlyCount "85"]
[EventDate "2017.04.29"]
[WhiteTeam "CSC Rhinos (2)"]
[BlackTeam "Throw in the Tal 1"]

1. e4 d6 2. d4 f5 3. Nc3 Nf6 4. Bd3 Nc6 5. Nf3 fxe4 6. Nxe4 Nxe4 7. Bxe4 d5 8.
Bd3 g6 9. h3 Bg7 10. O-O O-O 11. c3 Qd6 12. Re1 Bf5 13. Bg5 e5 14. Nxe5 Nxe5
15. dxe5 Bxe5 16. Bh6 Bg7 17. Bxg7 Kxg7 18. Bxf5 Rxf5 19. Qd4+ Kg8 20. Rad1 Qb6
21. Re7 Qxd4 22. Rxd4 Rf7 23. Rxf7 Kxf7 24. Rxd5 Ke6 25. Rd4 Rf8 26. f3 Rf5 27.
Re4+ Kd6 28. Kf2 a5 29. Rh4 Rb5 30. b3 h5 31. Ke3 Rc5 32. c4 Rg5 33. g4 Re5+
34. Kd3 Ke6 35. f4 Rc5 36. Kd4 b6 37. f5+ gxf5 38. Rxh5 fxg4 39. hxg4 Rxh5 40.
gxh5 c6 41. c5 b5 42. h6 Kf6 43. h7 1-0

[Event "4NCL Division 4 South"]
[Site "Reading, ENG"]
[Date "2017.04.29"]
[Round "9.53"]
[White "Pafura, Godfrey Bisereko"]
[Black "Lees, Fraser A"]
[Result "0-1"]
[WhiteElo "1979"]
[BlackElo "1860"]
[PlyCount "80"]
[EventDate "2017.04.29"]
[WhiteTeam "Throw in the Tal 1"]
[BlackTeam "CSC Rhinos (2)"]

1. d4 Nf6 2. c4 g6 3. Nc3 Bg7 4. e4 d6 5. f3 O-O 6. Be3 e5 7. Nge2 Nc6 8. d5
Na5 9. Nc1 c5 10. a3 b6 11. b4 Nb7 12. Rb1 Nh5 13. g4 Nf4 14. N3e2 f5 15. gxf5
gxf5 16. Ng3 Qh4 17. Bf2 Qe7 18. Nd3 Qf7 19. bxc5 Nxc5 20. Nxc5 bxc5 21. Qa4
fxe4 22. Nxe4 Nd3+ 23. Bxd3 Qxf3 24. Kd2 Bh6+ 25. Kc3 Bf5 26. Rhg1+ Kh8 27. Rg3
Qh5 28. Be3 Bf4 29. Bxf4 exf4 {(=)} 30. Rg5 Qh3 31. Nf2 Qe3 32. Qc6 Qd4+ 33.
Kd2 Qxf2+ 34. Be2 Qe3+ 35. Kd1 Bxb1 36. Qxd6 Qd4+ 37. Kc1 Be4 38. Re5 Qc3+ 39.
Kd1 Bc2+ 40. Kc1 Bb3+ 0-1